Tolkien’s beasts, races, and peoples - Statistics

General Stats
  • This quiz has been taken 75 times
  • The average score is 8 of 14
Answer Stats
Hint Answer % Correct
Also called Goblins Orcs
97%
Durin’s Bane Balrog
85%
A gold hoarding dragon Smaug
83%
An evil being in spider form Shelob
76%
Gandalf is one of them Maiar
75%
‘The______ are coming!’ Eagles
65%
Also called Rangers Dunedain
64%
Good-natured folk of Eriador Hobbits
51%
Ancient friends of Gandalf Ents
49%
Angelic beings in service of Eru Ainur
46%
‘Nine (for) mortal men doomed to die’ Ringwraiths
46%
Allies of the goblins Wargs
46%
Tom Bombadil rescued the hobbits from these Barrow-Wights
31%
Creature lurking in front of Durin’s doors Watcher of the water
6%
No matching quizzes found
Score Distribution
Percent of People with Each Score
Percentile by Number Answered
Your Score History
You have not taken this quiz